Rekorder díszlet készül az operaház fantomja után a Nabucco színpadképét gyártja a Scabello /
Elmentve itt :
| Szerző: | |
|---|---|
| Dokumentumtípus: | Cikk |
| Megjelent: |
2004-07-07
|
| Sorozat: | Délmagyarország
94 No. 157 |
| Kulcsszavak: | Szeged, Faipar díszletkészítés Szeged-Tápé, Scabello Ipari és Szolgáltató Bt. |
| Online Access: | http://dmarchiv.bibl.u-szeged.hu/133450 |
| LEADER | 00597nab a2200157 i 4500 | ||
|---|---|---|---|
| 001 | delm133450 | ||
| 005 | 20191128132304.0 | ||
| 008 | 191128s2004 hu o 0|| hun d | ||
| 040 | |a SZTE Délmagyarország Archívum |b hun | ||
| 041 | |a hun | ||
| 100 | 1 | |a Hollósi Zsolt | |
| 245 | 1 | 0 | |a Rekorder díszlet készül |h [elektronikus dokumentum] : |b az operaház fantomja után a Nabucco színpadképét gyártja a Scabello / |c Hollósi Zsolt |
| 260 | |c 2004-07-07 | ||
| 300 | |a 6 | ||
| 490 | 0 | |a Délmagyarország |v 94 No. 157 | |
| 695 | |a Szeged, Faipar díszletkészítés Szeged-Tápé, Scabello Ipari és Szolgáltató Bt. | ||